000 00293nam a22001337a 4500
008 260216b ||||| |||| 00| 0 eng d
020 _a9789951984218
041 _aeng
080 _a2.1
100 _a20.1
101 _aromane
245 _aRrugët e Mia
_cZejadin Dedinca
942 _2lcc
_cBK
999 _c60801
_d60801